Top 15 Dallas Mavericks players of all-time - Statistics

General Stats
  • This quiz has been taken 21 times
  • The average score is 7 of 15
Answer Stats
Pos/Placement Answer % Correct
PF #1 Dirk Nowitzki
100%
PG #6 Jason Kidd
100%
SG #3 Luke Doncic
75%
PG #7 Steve Nash
75%
PG #10 Jason Terry
65%
SF #2 Mark Aguirre
55%
PF #9 Michael Finley
55%
PG #5 Rolando Blackman
50%
SG #4 Derek Harper
40%
SG #8 Jim Jackson
30%
SF #15 Jamal Mashburn
25%
SF #13 Josh Howard
20%
PG #11 Brad Davis
15%
PF #12 Sam Perkins
10%
PF #14 Jay Vincent
0%
No matching quizzes found
Score Distribution
Percent of People with Each Score
Percentile by Number Answered
Your Score History
You have not taken this quiz